| 000 | 00869nmm a2200253 a 4500 | ||
|---|---|---|---|
| 001 | ocm000716519 | ||
| 003 | TR-IsHL | ||
| 005 | 20201028152752.0 | ||
| 008 | 150709s2011 tu tur | ||
| 007 | cr cn | ||
| 035 |
_a716519 _b(N$T) |
||
| 050 | 0 | 4 |
_aPL191.İ54 _bR47 2011 |
| 090 | 0 | 4 |
_aPL191.İ54 _bR47 2011 |
| 245 | 1 | 0 |
_aResimli İngilizce - Türkçe sözlük _h[electronic resource] / _chaz. Jüliyet Bekar |
| 260 |
_aİstanbul : _bBirleşik Yayın Grubu, _c2011 |
||
| 300 | _a384 p. | ||
| 650 | 4 | _aDil ve Edebiyat | |
| 650 | 4 | _aLanguage and Literature | |
| 650 | 0 |
_aİngiliz dili _x Sözlükler _x Türkçe |
|
| 650 | 0 |
_aEnglish language _x Dictionaries _x Turkish |
|
| 650 | 7 |
_aREFERENCE / Dictionaries _2bisacsh |
|
| 700 | 1 | _aBekar, Jüliyet | |
| 856 | 4 | 0 | _uhttp://search.ebscohost.com/login.aspx?direct=true&scope=site&db=e011xww&AN=716519 |
| 999 |
_c11700 _d11700 |
||